[Event "World Rapid Women 2019"]
[Site "Moscow RUS"]
[Date "2019.12.26"]
[Round "2.33"]
[White "Khomeriki, Nino"]
[Black "Serikbay, Assel"]
[Result "1-0"]
[WhiteTitle "WGM"]
[BlackTitle "WIM"]
[WhiteElo "2355"]
[BlackElo "2286"]
[WhiteFideId "13603191"]
[BlackFideId "13706799"]
[EventDate "2019.12.26"]
[EventType "rapid"]

1. d4 d5 2. c4 c6 3. cxd5 cxd5 4. Bf4 Nf6 5. e3 Nc6 6. Nc3 a6 7. Bd3 e6 8. Nf3
Bd6 9. Bg5 O-O 10. O-O h6 11. Bh4 b5 12. Rc1 Bb7 13. Bb1 Be7 14. Nd2 e5 15. Nb3
e4 16. f3 b4 17. Bxf6 Bxf6 18. Na4 exf3 19. Nac5 Bc8 20. Qxf3 Ra7 21. Kh1 Re7
22. Nd3 Qd6 23. Nf4 Rd8 24. Rc5 Be6 25. Rfc1 Na7 26. Nd2 Nb5 27. Nf1 Qd7 28.
Nxd5 Bxd5 29. Rxd5 Qe8 30. Rxd8 Qxd8 31. Qf5 Re8 32. Ng3 g6 33. Qf3 Bg5 34. Rf1
f5 35. Qc6 Qd6 1-0

[Event "World Rapid Women 2019"]
[Site "Moscow RUS"]
[Date "2019.12.26"]
[Round "2.34"]
[White "Munkhzul, Turmunkh"]
[Black "Kashlinskaya, Alina"]
[Result "0-1"]
[WhiteTitle "WIM"]
[BlackTitle "IM"]
[WhiteElo "2278"]
[BlackElo "2484"]
[WhiteFideId "4901878"]
[BlackFideId "4198026"]
[EventDate "2019.12.26"]
[EventType "rapid"]

1. e4 e6 2. d3 d5 3. Nd2 Nf6 4. Ngf3 Nc6 5. g3 e5 6. Bg2 Bc5 7. O-O O-O 8. c3 a5
9. Qc2 Re8 10. Nb3 Bf8 11. Bg5 a4 12. Nbd2 Be6 13. d4 h6 14. Bxf6 Qxf6 15. dxe5
Nxe5 16. Nxe5 Qxe5 17. f4 Qd6 18. f5 Bd7 19. exd5 Re2 20. Bf3 Qc5+ 21. Kh1 Re3
22. Ne4 Qb6 23. Bg2 Re8 24. g4 h5 25. gxh5 Qh6 26. Rae1 Rxe1 27. Rxe1 Qxh5 28.
Qf2 Re5 29. Ng3 Rxe1+ 30. Qxe1 Qg4 31. Qf1 Bd6 32. Qf3 Qc4 33. a3 Qa2 34. Qe2
Qb1+ 35. Nf1 Qxf5 36. c4 Qf4 37. Qe4 Qxe4 38. Bxe4 Be5 39. Ne3 Bxb2 40. Nc2 Kf8
41. Kg2 Ke7 42. c5 Kf6 43. Kf3 Ke5 44. Ke3 Bc1+ 45. Kf3 g5 46. c6 bxc6 47. dxc6
Be6 48. Bh7 Bd5+ 49. Ke2 Bxc6 50. Kd1 Bf4 51. Nb4 Bf3+ 52. Ke1 Bxh2 53. Bc2 c5
54. Na6 Kd6 55. Bxa4 g4 56. Bb5 g3 0-1

[Event "World Rapid Women 2019"]
[Site "Moscow RUS"]
[Date "2019.12.26"]
[Round "2.35"]
[White "Manakova, Maria"]
[Black "Borisova, Ekaterina"]
[Result "1-0"]
[WhiteTitle "WGM"]
[BlackTitle "FM"]
[WhiteElo "2238"]
[BlackElo "2344"]
[WhiteFideId "927007"]
[BlackFideId "34124184"]
[EventDate "2019.12.26"]
[EventType "rapid"]

1. e4 d6 2. d4 Nf6 3. Nc3 e5 4. Nf3 Nbd7 5. Bc4 Be7 6. O-O O-O 7. a4 c6 8. a5
Rb8 9. h3 b5 10. axb6 axb6 11. d5 cxd5 12. exd5 e4 13. Nd4 Ne5 14. Nc6 Nxc6 15.
dxc6 Be6 16. Bxe6 fxe6 17. Ra7 Rc8 18. Nb5 Rxc6 19. Nd4 Rc8 20. Nxe6 Qe8 21.
Nxf8 Bxf8 22. Bg5 Qe6 23. Bxf6 gxf6 24. c3 b5 25. Re1 d5 26. Qh5 Bg7 27. Rea1 b4
28. R1a6 Rc6 29. Ra8+ Bf8 30. Qh6 Qd7 31. Qxf8# 1-0

[Event "World Rapid Women 2019"]
[Site "Moscow RUS"]
[Date "2019.12.26"]
[Round "2.36"]
[White "Yakimova, Mariya"]
[Black "Bivol, Alina"]
[Result "0-1"]
[WhiteTitle "WFM"]
[BlackTitle "WGM"]
[WhiteElo "2288"]
[BlackElo "2374"]
[WhiteFideId "34188859"]
[BlackFideId "4100123"]
[EventDate "2019.12.26"]
[EventType "rapid"]

1. d4 Nf6 2. c4 g6 3. Nf3 Bg7 4. g3 d6 5. Bg2 O-O 6. O-O Nbd7 7. Nc3 e5 8. e3
Re8 9. Qc2 exd4 10. Nxd4 a5 11. b3 Nc5 12. Bb2 Bd7 13. a3 Qc8 14. Rfd1 Bh3 15.
Bh1 c6 16. b4 axb4 17. axb4 Rxa1 18. Bxa1 Ncd7 19. Nf3 Ne5 20. Nxe5 dxe5 21. Qd3
h5 22. e4 h4 23. Na4 Nh5 24. Nb6 Qe6 25. Bf3 Bg4 26. Bb2 Bf6 27. Bxg4 Qxg4 28.
Qd7 Re6 29. Qd3 Nf4 30. Qf1 Ne2+ 31. Kh1 Qf3+ 32. Qg2 Nxg3+ 33. hxg3 Qxd1+ 34.
Kh2 Rd6 35. b5 Rd2 36. Ba3 h3 37. Qg1 Qf3 38. Kxh3 Rxf2 39. Bc5 Qh5# 0-1

[Event "World Rapid Women 2019"]
[Site "Moscow RUS"]
[Date "2019.12.26"]
[Round "2.37"]
[White "Nurgali, Nazerke"]
[Black "Mammadzada, Gunay"]
[Result "1-0"]
[WhiteTitle "WFM"]
[BlackTitle "IM"]
[WhiteElo "2336"]
[BlackElo "2455"]
[WhiteFideId "13711261"]
[BlackFideId "13403729"]
[EventDate "2019.12.26"]
[EventType "rapid"]

1. d4 Nf6 2. c4 e6 3. g3 Bb4+ 4. Bd2 Bxd2+ 5. Qxd2 d5 6. Nf3 O-O 7. Bg2 c6 8.
O-O Nbd7 9. Nc3 dxc4 10. e4 b5 11. e5 Nd5 12. Ne4 c5 13. dxc5 Qc7 14. Qd4 Bb7
15. b3 cxb3 16. axb3 Ne7 17. Nd6 Nf5 18. Nxf5 exf5 19. Rac1 Bc6 20. Qd6 Rac8 21.
Nd4 Bxg2 22. Kxg2 Nxe5 23. Qxc7 Rxc7 24. Nxb5 Rb7 25. Nd6 Rc7 26. Nxf5 Rb8 27.
Rc3 f6 28. Rfc1 Nc6 29. Rd1 Na5 30. Rdd3 g6 31. Ne3 Nc6 32. Rd6 Kg7 33. Nd5 Rcc8
34. Nxf6 Na5 35. Ne4 Rxb3 36. Rd7+ Kh6 37. Rc2 Nc6 38. Nf6 Rh8 39. Rc4 Rb4 40.
Rxb4 Nxb4 41. Rxa7 g5 42. Rb7 Nd3 43. c6 Kg6 44. c7 Rc8 45. Nd5 1-0

[Event "World Rapid Women 2019"]
[Site "Moscow RUS"]
[Date "2019.12.26"]
[Round "2.39"]
[White "Paehtz, Elisabeth"]
[Black "Gvetadze, Sofio"]
[Result "1-0"]
[WhiteTitle "IM"]
[BlackTitle "IM"]
[WhiteElo "2475"]
[BlackElo "2301"]
[WhiteFideId "4641833"]
[BlackFideId "13601440"]
[EventDate "2019.12.26"]
[EventType "rapid"]

1. d4 Nf6 2. Bf4 g6 3. Nc3 Bg7 4. e4 d6 5. Qd2 c6 6. Bh6 Bxh6 7. Qxh6 b5 8. Bd3
b4 9. Nce2 Ba6 10. Nf3 Bxd3 11. cxd3 Qa5 12. e5 dxe5 13. dxe5 Nd5 14. O-O Nc7
15. Nf4 Nd7 16. e6 Nxe6 17. Nxe6 fxe6 18. a3 b3 19. Rac1 Qd5 20. Rc3 c5 21. Re1
O-O-O 22. Qh4 Rhf8 23. Ng5 e5 24. Ne4 Kb8 25. Qxe7 Rfe8 26. Qxh7 Re6 27. Qh4 Rc8
28. Rec1 Rec6 29. Nd2 Nb6 30. Rxb3 g5 31. Qe4 Qxe4 32. Nxe4 c4 33. Rbc3 Na4 34.
R3c2 Rd8 35. dxc4 Rd4 36. f3 g4 37. b3 gxf3 38. gxf3 Nb6 39. Kf2 Rh6 40. Ke3 Nc8
41. Rg1 Ne7 42. Rg5 Nc6 43. Rg8+ Kc7 44. Nc3 Rd7 45. Nd5+ Kb7 46. Rcg2 Nd4 47.
b4 Rh3 48. Ke4 Nxf3 49. R2g7 Nd2+ 50. Kf5 Rh7 51. Rxh7 Rxh7 52. c5 e4 53. Rg2
Rh5+ 54. Ke6 Rh6+ 55. Kd7 Nc4 56. Rg7 Ne5+ 57. Kd8+ Kc6 58. Ne3 Rh3 59. Rc7+ Kb5
60. Nf5 Rh8+ 61. Ke7 Rh7+ 62. Kd8 Nc6+ 63. Kc8 Rh8+ 64. Kd7 Rd8+ 65. Ke6 e3 66.
Nxe3 Re8+ 67. Kd5 Rxe3 68. Rxc6 Rxa3 69. Rd6 Kxb4 70. c6 Rd3+ 71. Ke6 Rc3 72.
Kd7 a5 73. c7 1-0

[Event "World Rapid Women 2019"]
[Site "Moscow RUS"]
[Date "2019.12.26"]
[Round "2.40"]
[White "Nebolsina, Vera"]
[Black "Atalik, Ekaterina"]
[Result "0-1"]
[WhiteTitle "WGM"]
[BlackTitle "IM"]
[WhiteElo "2240"]
[BlackElo "2462"]
[WhiteFideId "4163591"]
[BlackFideId "4130189"]
[EventDate "2019.12.26"]
[EventType "rapid"]

1. e4 c6 2. Nf3 d5 3. exd5 cxd5 4. Ne5 Nc6 5. Bb5 Qc7 6. d4 a6 7. Bxc6+ bxc6 8.
O-O Nf6 9. c4 e6 10. c5 Be7 11. Qa4 Bd7 12. Bd2 O-O 13. Ba5 Qb7 14. Nd2 Rfb8 15.
Rab1 Be8 16. b4 Nh5 17. Qd1 g6 18. Nb3 f6 19. Nd3 Qd7 20. Re1 Bf7 21. Bb6 Ng7
22. Rb2 Re8 23. Rbe2 Bf8 24. f3 Nf5 25. Nf2 Bg7 26. f4 e5 27. dxe5 fxe5 28. fxe5
d4 29. Qd3 Qd5 30. Ne4 Rxe5 31. Ng5 Re3 32. Qd2 Rae8 33. Nxf7 Qxf7 34. Rxe3 dxe3
35. Qe2 Qd5 36. Bc7 Qe4 37. Rd1 Qxb4 38. h3 Qe4 39. Rf1 Ne7 40. Rf4 Qe6 41. Nd4
Bxd4 42. Rxd4 Nd5 43. Bg3 Qf5 44. Rd1 a5 45. Rf1 Qe4 46. Be1 a4 47. Qf3 Qxf3 48.
Rxf3 Rb8 49. Bh4 Rb1+ 50. Kh2 e2 0-1

[Event "World Rapid Women 2019"]
[Site "Moscow RUS"]
[Date "2019.12.26"]
[Round "2.41"]
[White "Mkrtchian, Lilit"]
[Black "Zhuravleva, Olga"]
[Result "1-0"]
[WhiteTitle "IM"]
[BlackTitle "WIM"]
[WhiteElo "2395"]
[BlackElo "2278"]
[WhiteFideId "13300601"]
[BlackFideId "4145933"]
[EventDate "2019.12.26"]
[EventType "rapid"]

1. c4 e5 2. g3 Nf6 3. Bg2 d5 4. cxd5 Nxd5 5. Nf3 Nc6 6. O-O Be7 7. d4 exd4 8.
Nxd4 Nxd4 9. Qxd4 Nf6 10. Qa4+ c6 11. Nc3 O-O 12. Rd1 Qb6 13. h3 Be6 14. Qc2 h6
15. e4 Qa5 16. a3 Rfe8 17. Be3 Bf8 18. Bd4 Be7 19. e5 Nd7 20. b4 Qa6 21. Ne4 Bd5
22. Bf1 b5 23. Nc3 Qb7 24. Nxd5 cxd5 25. Bg2 Rac8 26. Qf5 Nf8 27. Be3 Rcd8 28.
Rd2 Ne6 29. Rad1 Nc7 30. Qg4 Kf8 31. Rd4 Qa6 32. R4d3 Qe6 33. Qxe6 fxe6 34. Bxa7
Ra8 35. Bb6 Na6 36. Bf1 Reb8 37. Bd4 Rc8 38. Rf3+ Kg8 39. Bxb5 Nc7 40. Bc6 Rab8
41. Ba7 Ra8 42. Bxa8 Rxa8 43. Bb6 Nb5 44. Bc5 Bxc5 45. bxc5 Rc8 46. a4 Nc7 47.
Rb3 1-0

[Event "World Rapid Women 2019"]
[Site "Moscow RUS"]
[Date "2019.12.26"]
[Round "2.42"]
[White "Gvanceladze, Anna"]
[Black "Osmak, Iulija"]
[Result "0-1"]
[WhiteTitle "WFM"]
[BlackTitle "IM"]
[WhiteElo "2270"]
[BlackElo "2388"]
[WhiteFideId "4113721"]
[BlackFideId "14101602"]
[EventDate "2019.12.26"]
[EventType "rapid"]

1. Nf3 d5 2. d4 Nf6 3. c4 e6 4. Nc3 c6 5. cxd5 exd5 6. Qc2 Be7 7. Bg5 Nbd7 8. e3
h6 9. Bh4 Nh5 10. Bxe7 Qxe7 11. Be2 O-O 12. O-O Re8 13. Rab1 a5 14. Rfc1 Nhf6
15. a3 Nb6 16. Ne5 a4 17. Bd3 Ra7 18. Qd1 Nfd7 19. Nxd7 Bxd7 20. Bc2 Rea8 21.
Qd3 g6 22. Qd1 Kg7 23. Bd3 Qf6 24. Na2 Bf5 25. Nb4 Nc4 26. Qc2 Bxd3 27. Nxd3 Qf5
28. Qc3 Nd6 29. Ne5 Ra5 30. f3 Rb5 31. b4 axb3 32. Rxb3 Ra4 33. Rb4 Rbxb4 34.
axb4 Nb5 35. Qd2 Ra3 36. g4 Qe6 37. Kf2 Nd6 38. h4 f6 39. Nd3 Nc4 40. Qe2 Qe8
41. Re1 Qa8 42. Kg3 Ra2 43. Qd1 Qb8+ 44. f4 Qe8 45. Qb1 Rd2 46. Qb3 Nxe3 47. Ne5
Nc4 48. Qc3 fxe5 49. dxe5 Qe6 50. f5 gxf5 51. gxf5 Qxf5 52. e6+ Kh7 53. Qa1 Qg6+
54. Kf3 Qg2+ 55. Kf4 Rf2# 0-1

[Event "World Rapid Women 2019"]
[Site "Moscow RUS"]
[Date "2019.12.26"]
[Round "2.43"]
[White "Zhukova, Natalia"]
[Black "Belenkaya, Dina"]
[Result "1-0"]
[WhiteTitle "GM"]
[BlackTitle "WGM"]
[WhiteElo "2324"]
[BlackElo "2298"]
[WhiteFideId "14101513"]
[BlackFideId "24142654"]
[EventDate "2019.12.26"]
[EventType "rapid"]

1. c4 e5 2. Nc3 Nc6 3. Nf3 Nf6 4. e4 Bc5 5. Nxe5 Bxf2+ 6. Kxf2 Nxe5 7. d4 Neg4+
8. Kg1 d6 9. h3 Nh6 10. Bg5 Nhg8 11. e5 h6 12. Bh4 dxe5 13. dxe5 g5 14. Bf2 Qxd1
15. Rxd1 Nd7 16. Nd5 Kd8 17. Bd4 c6 18. Ne3 Ke8 19. Nf5 c5 20. Bc3 Nb6 21. e6 f6
22. b3 Bxe6 23. Nd6+ Ke7 24. Nxb7 Nd7 25. Be2 Rb8 26. Nd6 h5 27. Bf3 h4 28. Kh2
Nh6 29. Rhe1 Rhd8 30. Nb7 Re8 31. Bd5 Ne5 32. Bxe5 fxe5 33. Nxc5 Bxd5 34. Rxe5+
Kf7 35. Rexd5 g4 36. Rh5 g3+ 37. Kg1 Kg6 38. Rxh4 Rb6 39. Ne4 Nf5 40. Rg4+ Kh6
41. Rd5 Ne3 42. Rh4+ Kg6 43. Rg5+ Kf7 44. Rf4+ Ke7 45. Rxg3 Nc2 46. Nc3 Re6 47.
Rg7+ Kd6 48. Nb5+ Kc5 49. Rf5+ Kb4 50. Rxa7 Re1+ 51. Kh2 R8e5 52. Rxe5 Rxe5 53.
Ra4+ Kc5 54. Na3 Re2 55. Nxc2 1-0

[Event "World Rapid Women 2019"]
[Site "Moscow RUS"]
[Date "2019.12.26"]
[Round "2.44"]
[White "Tomilova, Elena"]
[Black "Mamedjarova, Zeinab"]
[Result "0-1"]
[WhiteTitle "WGM"]
[BlackTitle "WGM"]
[WhiteElo "2341"]
[BlackElo "2278"]
[WhiteFideId "4162340"]
[BlackFideId "13401521"]
[EventDate "2019.12.26"]
[EventType "rapid"]

1. c4 e6 2. Nf3 d5 3. b3 Nf6 4. g3 d4 5. Bg2 c5 6. O-O Be7 7. e3 O-O 8. exd4
cxd4 9. Re1 Nc6 10. d3 Nd7 11. Ba3 Bxa3 12. Nxa3 e5 13. Nb5 Qf6 14. Nc7 Rb8 15.
Nd5 Qd6 16. Ng5 Nf6 17. Ne4 Nxe4 18. Bxe4 f5 19. Bg2 Bd7 20. a3 f4 21. b4 b6 22.
Ra2 Kh8 23. b5 Nd8 24. Be4 Qh6 25. a4 Nf7 26. h4 g5 27. h5 g4 28. gxf4 exf4 29.
Qa1 Qg7 30. Nxf4 Ng5 31. h6 Qe5 32. Ng2 Nh3+ 33. Kf1 Rf6 34. Bc6 Qh2 35. Qxd4
Qg1+ 36. Ke2 Qxf2+ 37. Qxf2 Rxf2+ 38. Ke3 Rxa2 39. Bxd7 Rxg2 40. Bc6 Rg3+ 41.
Kd4 Rd8+ 42. Ke5 Rgxd3 43. Rf1 Re3+ 0-1

[Event "World Rapid Women 2019"]
[Site "Moscow RUS"]
[Date "2019.12.26"]
[Round "2.45"]
[White "Solozhenkina, Elizaveta"]
[Black "Injac, Teodora"]
[Result "1/2-1/2"]
[WhiteTitle "WIM"]
[BlackTitle "WIM"]
[WhiteElo "2329"]
[BlackElo "2284"]
[WhiteFideId "34106615"]
[BlackFideId "932400"]
[EventDate "2019.12.26"]
[EventType "rapid"]

1. e4 e6 2. d4 d5 3. Nd2 c5 4. exd5 exd5 5. Bb5+ Bd7 6. Bxd7+ Qxd7 7. Ngf3 Qe6+
8. Qe2 Nc6 9. Nb3 c4 10. Qxe6+ fxe6 11. Nbd2 Nf6 12. c3 Bd6 13. O-O Kd7 14. Re1
Rhf8 15. h3 Nh5 16. g3 Rae8 17. Kg2 b5 18. Nf1 h6 19. Ne3 Nf6 20. Ng4 Nxg4 21.
hxg4 g5 22. Ne5+ Nxe5 23. dxe5 Bc5 24. Be3 Kc6 25. Bxc5 Kxc5 26. b4+ cxb3 27.
axb3 Kb6 28. Rh1 Rh8 29. f4 Rc8 30. Rac1 Rcf8 31. Kf3 a5 32. Ke3 Kc5 33. Ra1 Kb6
34. Ra2 Rc8 35. Kd4 a4 36. bxa4 Rc4+ 37. Kd3 gxf4 38. Rb1 fxg3 39. axb5 Rxg4 40.
Ra6+ Kb7 41. Rxe6 g2 42. Rg1 h5 43. Re7+ Kb8 44. b6 h4 45. b7 Ra4 46. Rxg2 h3
47. Rh2 Ra7 48. Kd4 Rxb7 49. Rxb7+ Kxb7 50. Kxd5 Kc7 51. c4 Kd7 52. c5 Rh6 53.
c6+ Rxc6 54. Rxh3 Ra6 55. Rh7+ Ke8 56. Rb7 Ra5+ 57. Ke6 Ra6+ 58. Kf5 Kf8 59. Rh7
Kg8 60. Re7 Kf8 61. Re6 Ra1 62. Rd6 Ke7 63. Re6+ Kf7 64. Rf6+ Ke7 65. Rh6 Rf1+
66. Ke4 Re1+ 67. Kd4 Rd1+ 68. Kc4 Rc1+ 69. Kd3 Rd1+ 70. Ke2 Rd5 71. Rh5 1/2-1/2

[Event "World Rapid Women 2019"]
[Site "Moscow RUS"]
[Date "2019.12.26"]
[Round "2.46"]
[White "Guindy, Esmat Susanne"]
[Black "Hejazipour, Mitra"]
[Result "0-1"]
[WhiteTitle "WFM"]
[BlackTitle "WGM"]
[WhiteElo "2120"]
[BlackElo "2277"]
[WhiteFideId "1401637"]
[BlackFideId "12505951"]
[EventDate "2019.12.26"]
[EventType "rapid"]

1. c4 e5 2. g3 Nf6 3. Bg2 Nc6 4. d3 Bc5 5. Nf3 O-O 6. O-O d6 7. Nc3 a5 8. b3 h6
9. Bb2 Bg4 10. h3 Bf5 11. Nd2 Qd7 12. Kh2 h5 13. Nde4 Nxe4 14. Nxe4 Ba7 15. e3
Bg6 16. Qd2 h4 17. g4 f5 18. gxf5 Qxf5 19. f4 Qh5 20. Rae1 exf4 21. exf4 Bd4 22.
Ng5 Bxb2 23. Qxb2 Bxd3 24. Bxc6 bxc6 25. Re7 Qh6 26. Rg1 Rae8 27. Rge1 Rxe7 28.
Rxe7 Qg6 29. Qd4 Bf5 30. Rxc7 Re8 31. Rxc6 Re2+ 32. Kg1 Bd7 33. Qd5+ Kh8 34. Qd1
Qe8 35. Nf7+ Kg8 36. Nxd6 Qe3+ 0-1

[Event "World Rapid Women 2019"]
[Site "Moscow RUS"]
[Date "2019.12.26"]
[Round "2.47"]
[White "Heinemann, Josefine"]
[Black "Bulatova, Kamaliya"]
[Result "0-1"]
[WhiteTitle "WGM"]
[BlackTitle "WFM"]
[WhiteElo "2318"]
[BlackElo "2143"]
[WhiteFideId "12900460"]
[BlackFideId "34111546"]
[EventDate "2019.12.26"]
[EventType "rapid"]

1. e4 c5 2. Nf3 d6 3. d4 cxd4 4. Nxd4 Nf6 5. Nc3 a6 6. f3 e5 7. Nb3 Be6 8. Be3
Be7 9. Qd2 Nbd7 10. g4 b5 11. g5 Nh5 12. Rg1 Nb6 13. Na5 Qc7 14. O-O-O Rc8 15.
a3 O-O 16. Nd5 Nxd5 17. exd5 Bxd5 18. Bh3 Be6 19. Bg4 Bxg4 20. fxg4 Nf4 21. Bxf4
exf4 22. h4 d5 23. Kb1 Bc5 24. Rg2 Be3 25. Qe1 f3 26. Rg3 Qxc2+ 27. Ka2 Bf2 28.
Qf1 Bxg3 29. Qxf3 Be5 30. Rb1 Rc3 31. Qd1 Qxd1 32. Rxd1 Rc2 33. Rxd5 Rxb2+ 34.
Ka1 Re2+ 35. Kb1 Rc8 36. Nc6 Bc3 37. Rd7 Kf8 38. Na7 Rce8 39. Rd3 Rb2+ 40. Kc1
Re1+ 0-1

[Event "World Rapid Women 2019"]
[Site "Moscow RUS"]
[Date "2019.12.26"]
[Round "2.48"]
[White "Diakonova, Ekaterina"]
[Black "Fataliyeva, Ulviyya"]
[Result "0-1"]
[BlackTitle "WGM"]
[WhiteElo "2218"]
[BlackElo "2387"]
[WhiteFideId "24172936"]
[BlackFideId "13403052"]
[EventDate "2019.12.26"]
[EventType "rapid"]

1. e4 e6 2. d4 d5 3. Nd2 a6 4. Bd3 c5 5. Ngf3 Nf6 6. exd5 exd5 7. dxc5 Bxc5 8.
O-O O-O 9. h3 Nc6 10. Nb3 Bb6 11. Bg5 h6 12. Bh4 Re8 13. Qd2 Qd6 14. Rae1 Bd7
15. Kh1 Nh5 16. c3 g5 17. Nxg5 hxg5 18. Qxg5+ Ng7 19. Bg3 Qf8 20. Qxd5 Be6 21.
Qf3 Rad8 22. h4 Bd5 23. Qd1 Bc4 24. Nd4 Bxd3 25. Qxd3 Nxd4 26. cxd4 Rxd4 27. Qf3
Rxe1 28. Rxe1 Qb4 29. Rc1 Qxb2 30. Rc8+ Bd8 31. h5 Qb1+ 32. Kh2 Qd1 33. Qxd1
Rxd1 34. Bh4 Ne6 35. f4 Kh7 36. f5 Bxh4 37. fxe6 fxe6 38. Rc7+ Kh6 39. Rxb7 Rd6
40. g4 Bf6 41. Kg2 Kg5 42. Kf3 Rd3+ 43. Ke4 Rd4+ 44. Kf3 Rf4+ 45. Ke2 Ra4 46.
Rb6 Rxa2+ 47. Kf3 Ra3+ 48. Kg2 Kxg4 49. h6 Ra2+ 50. Kf1 Kf5 51. h7 Rh2 52. Rxa6
Rxh7 53. Ke2 Rh2+ 54. Kf3 e5 55. Ra5 Rh3+ 56. Kg2 Rd3 57. Kf2 Kf4 58. Ke2 e4 59.
Ra8 Rb3 60. Rf8 Rb2+ 61. Kd1 Ke5 62. Kc1 Rh2 63. Re8+ Kd4 64. Rf8 Bg5+ 65. Kd1
Kd3 66. Ke1 e3 67. Kf1 e2+ 0-1

[Event "World Rapid Women 2019"]
[Site "Moscow RUS"]
[Date "2019.12.26"]
[Round "2.49"]
[White "Novikova, Anna"]
[Black "Gansvind, Valeriya I."]
[Result "1-0"]
[WhiteTitle "WIM"]
[BlackTitle "WFM"]
[WhiteElo "2260"]
[BlackElo "2081"]
[WhiteFideId "4146794"]
[BlackFideId "4109821"]
[EventDate "2019.12.26"]
[EventType "rapid"]

1. e4 g6 2. d4 d6 3. h3 Bg7 4. Nf3 c6 5. a4 a5 6. Nc3 Na6 7. Be3 Nb4 8. Bc4 h6
9. O-O Qc7 10. Re1 Nf6 11. Qd2 Nd7 12. Bb3 Nf8 13. Rad1 Bd7 14. d5 c5 15. Bc4
Na6 16. Nb5 Bxb5 17. Bxb5+ Nd7 18. e5 dxe5 19. d6 exd6 20. Qxd6 Qxd6 21. Rxd6
Rd8 22. Red1 Nb8 23. Bxc5 Bf8 24. Rxd7 Nxd7 25. Bb6 Be7 26. Bxd8 Bxd8 27. Nxe5
Ke7 28. Rxd7+ Ke6 29. Nxf7 Rf8 30. Nxd8+ Ke5 31. Nxb7 Rf6 32. Nxa5 Rf4 33. Nc6+
Ke6 34. Nd4+ Ke5 35. c3 h5 36. a5 Rf8 37. a6 g5 38. a7 g4 39. hxg4 hxg4 40. Rb7
Ra8 41. Rb8 1-0

[Event "World Rapid Women 2019"]
[Site "Moscow RUS"]
[Date "2019.12.26"]
[Round "2.50"]
[White "Paramzina, Anastasya"]
[Black "Nilssen, Ellen Fredericia"]
[Result "1/2-1/2"]
[WhiteTitle "WGM"]
[BlackTitle "WFM"]
[WhiteElo "2224"]
[BlackElo "2000"]
[WhiteFideId "4165012"]
[BlackFideId "1441230"]
[EventDate "2019.12.26"]
[EventType "rapid"]

1. e4 e6 2. d4 d5 3. Nd2 c5 4. exd5 exd5 5. Bb5+ Nc6 6. Ngf3 cxd4 7. O-O Bd6 8.
Nb3 Ne7 9. Nbxd4 O-O 10. Re1 Bg4 11. Be2 Re8 12. Bg5 h6 13. Bh4 Qb6 14. Nxc6
bxc6 15. Qd4 Bxf3 16. Qxb6 axb6 17. Bxf3 Nf5 18. Bg3 Rxe1+ 19. Rxe1 Bxg3 20.
hxg3 Rxa2 21. Re8+ Kh7 22. Rc8 Nd4 23. c3 Nxf3+ 24. gxf3 c5 25. b4 cxb4 26. cxb4
Rb2 27. Rd8 Rxb4 28. Rxd5 Rc4 29. Rd6 b5 30. Rb6 b4 31. Kf1 h5 32. Ke2 h4 33.
gxh4 Rxh4 34. Ke3 Rc4 35. Kd3 Rc3+ 36. Ke4 b3 37. f4 g6 38. Kd4 Rh3 39. Ke4 f5+
40. Ke5 Rf3 41. Rb8 Kg7 42. Rb7+ Kh6 43. Rb8 Kh5 44. Rh8+ Kg4 45. Rg8 Rxf2 46.
Rxg6+ Kf3 47. Rb6 b2 48. Kxf5 Ke3 49. Ke5 Kd3 50. f5 Kc2 51. f6 Rf3 52. Ke6 Re3+
53. Kd7 Rd3+ 54. Ke7 Rb3 55. Rxb3 Kxb3 56. f7 b1=Q 57. f8=Q Qe1+ 58. Kd7 Qb4 59.
Qxb4+ Kxb4 1/2-1/2

[Event "World Rapid Women 2019"]
[Site "Moscow RUS"]
[Date "2019.12.26"]
[Round "2.51"]
[White "Fominykh, Maria"]
[Black "Doluhanova, Evgeniya"]
[Result "1/2-1/2"]
[WhiteTitle "WGM"]
[BlackTitle "WGM"]
[WhiteElo "2206"]
[BlackElo "2293"]
[WhiteFideId "4142411"]
[BlackFideId "14112035"]
[EventDate "2019.12.26"]
[EventType "rapid"]

1. d4 Nf6 2. c4 e6 3. g3 d5 4. Nf3 Bb4+ 5. Bd2 Bd6 6. Nc3 c6 7. Bg2 Nbd7 8. O-O
O-O 9. b3 Bc7 10. Qc2 dxc4 11. bxc4 e5 12. d5 Nb6 13. Bg5 h6 14. Bxf6 Qxf6 15.
Ne4 Qg6 16. d6 Bd8 17. c5 Nd5 18. Nxe5 Qh5 19. Nd3 Bf5 20. Bf3 Qg6 21. Nc3 Bxd3
22. exd3 Nf4 23. Ne4 f5 24. Nd2 Nh3+ 25. Kh1 f4 26. Ne4 Kh8 27. Rab1 b6 28. Qc4
bxc5 29. Qxc5 Ng5 30. Nxg5 hxg5 31. Be4 Qh6 32. Qxc6 Bb6 33. d7 Rad8 34. Qxh6+
gxh6 35. Bc6 Rf6 36. Bb5 f3 37. h3 h5 38. Rbc1 a6 39. Ba4 Rd6 40. Rc8 Kg7 41.
Rxd8 Bxd8 42. Re1 Rd4 43. Bc6 g4 44. hxg4 hxg4 45. Re4 Rxe4 46. dxe4 Kf6 47. Kg1
Ke5 48. Kf1 Kd6 49. Ba4 Ke5 50. Bb3 Ba5 51. Bf7 Kf6 52. Bc4 Ke7 53. Bxa6 Kxd7
54. Bc4 Ke7 55. Bg8 Kf6 56. Bh7 Kg5 57. Bf5 Bb4 58. a4 Bc3 59. Bd7 Kh5 60. e5
Bxe5 61. a5 Bd4 62. a6 Kg5 63. Bc8 1/2-1/2

[Event "World Rapid Women 2019"]
[Site "Moscow RUS"]
[Date "2019.12.26"]
[Round "2.52"]
[White "Geller, Anastasiya"]
[Black "Antova, Gabriela"]
[Result "0-1"]
[WhiteTitle "WFM"]
[BlackTitle "FM"]
[WhiteElo "2161"]
[BlackElo "2314"]
[WhiteFideId "24119059"]
[BlackFideId "2915235"]
[EventDate "2019.12.26"]
[EventType "rapid"]

1. Nf3 d5 2. g3 Nf6 3. Bg2 e6 4. c4 Be7 5. O-O O-O 6. b3 d4 7. Bb2 c5 8. b4 a5
9. bxc5 Nc6 10. d3 e5 11. Na3 Nd7 12. Nb5 Nxc5 13. Nd2 Be6 14. Nb3 Nd7 15. f4 a4
16. Nd2 f5 17. Nf3 Bc5 18. Ng5 Bf7 19. Nxf7 Kxf7 20. fxe5 Kg8 21. Nd6 Bxd6 22.
exd6 Nc5 23. Ba3 Qxd6 24. Rb1 Ra5 25. Rxb7 Rc8 26. Rb5 Rxb5 27. cxb5 Ne7 28.
Qxa4 Qe6 29. Bxc5 Rxc5 30. Qa8+ Kf7 31. a4 Qxe2 32. Qf3 Qa2 33. Qd1 Rc2 34. Bf3
Rxh2 35. b6 Rh3 36. Rf2 Rxg3+ 37. Bg2 Qa3 38. b7 Qb4 39. a5 Qxb7 40. Qh5+ Kf8
41. Qxh7 Qb1+ 42. Kh2 Qxd3 43. Qh4 Rg6 44. Qf4 Rh6+ 45. Kg1 Qa3 46. Qxd4 Qxa5
47. Rb2 Qc7 48. Rb1 Qh2+ 49. Kf1 Qd6 50. Qc3 Qf4+ 51. Kg1 Rd6 52. Rb8+ Kf7 53.
Qb3+ Kg6 54. Rf8 Qd4+ 55. Kh2 Qe5+ 56. Kg1 Rf6 57. Rd8 Qe1+ 58. Kh2 Qe5+ 59. Kg1
Nc6 60. Rd3 f4 61. Qc2 Nb4 62. Rg3+ Kh6 63. Rh3+ Kg5 64. Qd1 Rh6 65. Rb3 Nc6 66.
Rd3 Ne7 67. Rd7 Qc5+ 68. Kf1 Nf5 69. Rd5 Rd6 70. Rxf5+ Kxf5 71. Qh5+ g5 72. Bh3+
Ke4 73. Qe2+ Qe3 74. Bg2+ Ke5 75. Qb5+ 0-1